Rozvoj ťahaný službami v ére globalizácie a robotiky diplomová práca

Saved in:
Bibliographic Details
Main Author: Straka, Mark
Corporate Author: Národohospodárska fakulta EU. Katedra hospodárskej politiky
Other Authors: Majzlíková, Erika, 1993-
Format: Book
Language:Slovak
Published: Bratislava 2022
Tags: Add Tag
No Tags, Be the first to tag this record!

MARC

LEADER 00000nbm a2200000 4500
001 0284122
005 20220531081913.8
041 0 |a slo 
044 |a SK 
245 1 0 |a Rozvoj ťahaný službami v ére globalizácie a robotiky  |b diplomová práca  |c Mark Straka ; školiteľ: Erika Majzlíková 
264 1 |a Bratislava  |c 2022 
300 |a 93 s. 
100 1 |a Straka, Mark 
700 1 |a Majzlíková, Erika, 1993- 
710 2 |a Národohospodárska fakulta EU. Katedra hospodárskej politiky